000 00813nam a2200229Ia 4500
003 OSt
005 20220918105421.0
006 a|||||r|||| 00| 0
007 ta
008 220915b |||||||| |||| 00| 0 hin d
024 _a93,113
037 _cReference Collections
040 _aARTS
_cARTS
_bhin
041 _2hin
_ahin
082 _aP152:4k, J5(RR)
100 _aद्विवेदी, राजेन्द्र, ले.
_91264
245 0 _aसाहित्यशास्त्र का पारिभाषिक शब्द - कोष
246 _aSāhityashāstra kā pāribhāṣhik shabda - koṣha
260 _c1955
942 _hP152:4k, J5(RR)
_cREF
999 _c106984
_d106984